Library Logo

Pioneer International University Library Catalogue

The complete Retirement Survival Guide (Record no. 9753)

MARC details
000 -LEADER
fixed length control field 00432nam a22001577a 4500
003 - CONTROL NUMBER IDENTIFIER
control field OSt
005 - DATE AND TIME OF LATEST TRANSACTION
control field 20251103065357.0
008 - FIXED-LENGTH DATA ELEMENTS--GENERAL INFORMATION
fixed length control field 251103b |||||||| |||| 00| 0 eng d
020 ## - INTERNATIONAL STANDARD BOOK NUMBER
International Standard Book Number 0816048037
Terms of availability Available
040 ## - CATALOGING SOURCE
Transcribing agency MP Hermitage
050 ## - LIBRARY OF CONGRESS CALL NUMBER
Classification number HQ 1063 .S77 2003
245 ## - TITLE STATEMENT
Title The complete Retirement Survival Guide
Statement of responsibility, etc. Strauss Peter J.
250 ## - EDITION STATEMENT
Edition statement 2nd Edition
260 ## - PUBLICATION, DISTRIBUTION, ETC.
Place of publication, distribution, etc. USA
Name of publisher, distributor, etc. MP Hermitage 10987654321
Date of publication, distribution, etc. 2003
942 ## - ADDED ENTRY ELEMENTS (KOHA)
Source of classification or shelving scheme Dewey Decimal Classification
Koha item type Books
Suppress in OPAC No
Holdings
Withdrawn status Lost status Source of classification or shelving scheme Damaged status Not for loan Home library Current library Date acquired Total checkouts Barcode Date last seen Price effective from Koha item type
    Library of Congress Classification     PIU Library PIU Library 11/03/2025   PIUDMUR745 11/03/2025 11/03/2025 Books